000 00583pam a2200217 a 4500
020 _c
040 _aMedical College Lib.
041 _aENG
_hENG
082 _a618.1
_bSPE
100 _aSperoff, L. .
245 _aClinical Gynecologic Endocrinology And Infertility /
_c
_hTextual Documents
250 _a4th /
_b.
260 _a :
_bWillams & Wilkins ,
_c1989.
300 _a1186 ;
_c
365 _a1561=00
653 _aObst & Gynac
_aMedical Science
700 _aGlass, R.H. .
_a, .
930 _a5225
999 _c5224
_d5224